000 00973nam a2200277 i 4500
001 000006488
003 DO-SdBNP
005 20260407093636.0
007 ta
008 090831s2002 dr a r 001 0 spa d
040 _aDO-SdBNP
_bspa
_cBNPHU
_erda
041 _aspa
082 4 _axxx
_bL864n
_222
100 _aLópez Reyes, Oscar,
_eautor
_4aut.
_9750
245 1 0 _aNo estaba en el avión :
_bcrónica sobre la caída del vuelo 587 /
_cOscar López Reyes ; prólogo, Luis Eludis Pérez.
264 1 _aSanto Domingo :
_bImpresos Computarizados,
_c2002.
300 _a194 páginas :
_bilustraciones ;
_c21 cm.
336 _atexto
_btxt
_2rdacontent
337 _asin mediación
_bn
_2rdamedia
338 _avolumen
_bnc
_2rdacarrier
500 _aIncluye datos biográficos del autor en la contracubierta
500 _aIncluye referencias bibliográficas
590 _aInventariado, 2026/BT
700 1 _aPérez, Luis Elaudis,
_eprologuista
_4pr.
_917975
942 _2ddc
_cLBS1
999 _c6279
_d6279